[Event "GRE-chT2 48th"]
[Site "Thessaloniki"]
[Date "2021.10.06"]
[Round "3.3"]
[White "Galaras, Anestis"]
[Black "Jarmula, Lukasz"]
[Result "1/2-1/2"]
[WhiteElo "1751"]
[BlackElo "2454"]
[PlyCount "136"]
[EventDate "2021.10.05"]
[EventType "team-swiss"]
[EventRounds "7"]
[EventCountry "GRE"]
[SourceTitle "CBM 204 Extra"]
[Source "ChessBase"]
[SourceDate "2021.11.30"]
[SourceVersion "1"]
[SourceVersionDate "2021.11.30"]
[SourceQuality "1"]
[WhiteTeam "Kalamarias Han"]
[BlackTeam "Triandrias OS"]
[WhiteTeamCountry "GRE"]
[BlackTeamCountry "GRE"]

1. c4 e5 2. g3 Nc6 3. Bg2 f5 4. Nc3 Bb4 5. a3 Bxc3 6. bxc3 Nf6 7. Nf3 0-0 8. 0-0 d6 9. d3 h6 10. Rb1 Qe8 11. c5 dxc5 12. Be3 e4 13. Nd2 exd3 14. exd3 b6 15. Bf4 Qd7 16. d4 cxd4 17. cxd4 Bb7 18. Nc4 Rad8 19. Qb3 Kh8 20. Rbd1 Nd5 21. Ne5 Nxe5 22. Bxe5 Qf7 23. f4 c6 24. Qf3 Nf6 25. h3 Rd7 26. Qd3 Qg6 27. g4 Nd5 28. Rf3 Ne7 29. Rg3 fxg4 30. Rxg4 Qxd3 31. Bxg7+ Kh7 32. Rxd3 Rf7 33. Be5 c5 34. d5 h5 35. Rg5 Kh6 36. Bf3 Rf5 37. Bg7+ Kh7 38. Be4 Bxd5 39. Bxf5+ Nxf5 40. Rxf5 Rxg7+ 41. Rg5 Be6 42. Rxg7+ Kxg7 43. Kh2 h4 44. Re3 Kf6 45. Re5 c4 46. Kg2 c3 47. Re3 c2 48. Rc3 Bb3 49. Kf3 Kf5 50. Ke3 a5 51. Kd2 Ba4 52. Rc4 b5 53. Rd4 Bb3 54. Kc1 a4 55. Kb2 Bc4 56. Kxc2 Bf1 57. Kc3 Bxh3 58. Rd5+ Kxf4 59. Rxb5 Kg3 60. Rd5 Bg4 61. Kb4 Bf3 62. Rd6 h3 63. Kxa4 Kh4 64. Rb6 h2 65. Rb1 Kg3 66. Kb4 Be2 67. Rh1 Kg2 68. Rxh2+ Kxh2 1/2-1/2

[Event "Thessaloniki-Chalkidiki-chT B local"]
[Site "Thessaloniki"]
[Date "2019.02.24"]
[Round "6.4"]
[White "Galaras, Anestis"]
[Black "Christoforidis, Christoforos"]
[Result "1-0"]
[WhiteElo "1798"]
[BlackElo "1622"]
[PlyCount "114"]
[EventDate "2019.01.13"]
[EventType "team-swiss"]
[EventRounds "9"]
[EventCountry "GRE"]
[SourceTitle "EXT 2020"]
[Source "ChessBase"]
[SourceDate "2019.10.17"]
[SourceVersion "1"]
[SourceVersionDate "2019.10.17"]
[SourceQuality "1"]

1. c4 Nf6 2. g3 g6 3. Bg2 Bg7 4. d4 d6 5. Nf3 0-0 6. 0-0 Na6 7. d5 Bd7 8. Nd4 e5 9. dxe6 fxe6 10. Bxb7 Nc5 11. Bg2 Rb8 12. Nc3 a6 13. Nc6 Bxc6 14. Bxc6 Rb6 15. Bg2 Nfd7 16. Qc2 Qb8 17. b3 c6 18. e4 a5 19. Ba3 Na6 20. Rad1 Nb4 21. Qd2 Nc5 22. Na4 Nxa4 23. bxa4 c5 24. h4 Qe8 25. Bc1 Qxa4 26. a3 Nc2 27. h5 gxh5 28. Qg5 Nd4 29. Qxh5 Qxc4 30. Be3 e5 31. Bxd4 cxd4 32. Bh3 Qf7 33. Qe2 Qf3 34. Qc4+ Kh8 35. Qc7 Rfb8 36. Bg2 Qxa3 37. Rc1 Qa4 38. Bh3 Qe8 39. Bf5 Qd8 40. Qf7 R6b7 41. Qh5 Bf6 42. Kg2 Qe8 43. Qh3 Qg8 44. Rc6 Rd8 45. Rfc1 Qg7 46. Rc8 Rf7 47. Be6 Rxc8 48. Rxc8+ Rf8 49. Rc6 Rd8 50. Bd5 Bg5 51. Rb6 Bd2 52. Rb7 Qg6 53. Qh4 Bg5 54. Qg4 Qf6 55. Be6 Rf8 56. Bf5 d3 57. Qh5 d2 1-0

[Event "GRE-chT 41st"]
[Site "Achaia"]
[Date "2013.07.04"]
[Round "4.4"]
[White "Galaras, Anestis"]
[Black "Gouloutis, Nikolaos"]
[Result "0-1"]
[WhiteElo "1844"]
[BlackElo "1939"]
[PlyCount "82"]
[EventDate "2013.07.02"]
[EventType "team-swiss"]
[EventRounds "7"]
[EventCountry "GRE"]
[SourceTitle "CBM 155 Extra"]
[Source "ChessBase"]
[SourceDate "2013.08.26"]
[SourceVersion "1"]
[SourceVersionDate "2013.08.26"]
[SourceQuality "1"]
[WhiteTeam "Triandrias Chess Intervention"]
[BlackTeam "Polichnis"]
[WhiteTeamCountry "GRE"]
[BlackTeamCountry "GRE"]

1. d4 Nf6 2. Nf3 g6 3. c4 Bg7 4. Nc3 0-0 5. g3 d6 6. Bg2 Nbd7 7. d5 Nc5 8. Nd4 e5 9. dxe6 Nxe6 10. Be3 Ng4 11. Nxe6 Bxe6 12. Bd4 Ne5 13. b3 c5 14. Bxe5 Bxe5 15. Rc1 Rb8 16. 0-0 Qa5 17. Qd2 Rfd8 18. Rfd1 a6 19. Nd5 Qa3 20. h3 h5 21. Rc2 Bxd5 22. Bxd5 Kg7 23. Rf1 b5 24. f4 Bf6 25. cxb5 axb5 26. Qd3 Re8 27. e3 Rxe3 28. Qd2 Rbe8 29. Rf3 Re1+ 30. Rf1 R1e3 31. Rf3 R3e7 32. g4 hxg4 33. hxg4 Qa7 34. Kg2 Qd7 35. Kg3 Rh8 36. Qg2 Rh4 37. f5 g5 38. Kf2 Qe8 39. Kg3 Re1 40. Rd3 Qe5+ 41. Kf2 Rh2 0-1